[Event "9th Bangabandhu Rapid Women 2021"]
[Site "Dhaka"]
[Date "2021.04.03"]
[Round "7.4"]
[White "Nusrat Jahan, Alo"]
[Black "Ahmed, Walijah"]
[Result "1-0"]
[WhiteElo "1806"]
[BlackElo "1840"]
[Annotator "NA"]
[PlyCount "109"]
[EventDate "2021.04.02"]
[EventType "swiss"]
[EventCountry "BAN"]
[SourceTitle "playchess.com"]
[Source "ChessBase"]
[SourceQuality "1"]
[TimeControl "1500+10"]

1. e4 {[%emt 0:25:10]} c5 {[%emt 0:25:10]} 2. Nf3 {[%emt 0:00:10]} e6 {[%emt 0:00:10]} 3. c3 {[%emt 0:00:10]} d5 {[%emt 0:00:10]} 4. exd5 {[%emt 0:00:10]} Qxd5 {[%emt 0:00:10]} 5. d4 {[%emt 0:00:10]} Nf6 {[%emt 0:00:10]} 6. Be2 {[%emt 0:00:10]} Nc6 {[%emt 0:00:10]} 7. Be3 {[%emt 0:00:10]} Ng4 {[%emt 0:00:10]} 8. h3 {[%emt 0:00:10]} Nxe3 {[%emt 0:00:10]} 9. fxe3 {[%emt 0:00:10]} Bd6 {[%emt 0:00:10]} 10. O-O {[%emt 0:00:10]} O-O {[%emt 0:00:10]} 11. Nbd2 {[%emt 0:00:10]} cxd4 {[%emt 0:00:10]} 12. exd4 {[%emt 0:00:10]} Bc7 {[%emt 0:00:10]} 13. Bc4 {[%emt 0:00:10]} Qh5 {[%emt 0:00:10]} 14. Qe2 {[%emt 0:00:10]} Ne7 {[%emt 0:00:10]} 15. Ne4 {[%emt 0:00:10]} h6 {[%emt 0:00:10]} 16. Rad1 {[%emt 0:00:10]} Bd7 {[%emt 0:00:10]} 17. Nc5 {[%emt 0:00:10]} Bc6 {[%emt 0:00:10]} 18. Bb5 {[%emt 0:00:10]} a6 {[%emt 0:00:10]} 19. Bxc6 {[%emt 0:00:10]} Nxc6 20. Nxb7 {[%emt 0:00:10]} Bb6 $16 {[%emt 0:00:20]} 21. Nd6 {[%emt 0:00:10]} Ba7 {[%emt 0:00:10]} 22. Nc4 {[%emt 0:00:10]} Rab8 {[%emt 0:00:10]} 23. b3 {[%emt 0:00:10]} Rfe8 {[%emt 0:00:10]} 24. Nce5 {[%emt 0:00:10]} Nxe5 {[%emt 0:00:10]} 25. Qxe5 {[%emt 0:00:10]} Qg6 {[%emt 0:00:10]} 26. Qe2 {[%emt 0:00:10]} Qh5 {[%emt 0:00:10]} 27. Qxa6 {[%emt 0:00:10]} Ra8 28. Qd3 {[%emt 0:00:10]} Bb8 {[%emt 0:00:20]} 29. a4 {[%emt 0:00:10]} Ba7 {[%emt 0:00:10]} 30. Kh1 {[%emt 0:00:10]} Bb8 {[%emt 0:00:10]} 31. Qe4 {[%emt 0:00:10]} Bc7 {[%emt 0:00:10]} 32. Qb7 {[%emt 0:00:10]} Bg3 {[%emt 0:00:10]} 33. Ne5 {[%emt 0:00:10]} Bxe5 {[%emt 0:00:10]} 34. dxe5 {[%emt 0:00:10]} Rab8 {[%emt 0:00:10]} 35. Qd7 {[%emt 0:00:10]} Rf8 {[%emt 0:00:10]} 36. b4 {[%emt 0:00:10]} Qxe5 {[%emt 0:00:10]} 37. Qd2 {[%emt 0:00:10]} Rbc8 {[%emt 0:00:10]} 38. Rf3 {[%emt 0:00:10]} Rc4 {[%emt 0:00:10]} 39. a5 {[%emt 0:00:10]} Rfc8 {[%emt 0:00:10]} 40. Rc1 {[%emt 0:00:10]} Qb5 {[%emt 0:00:10]} 41. Rd3 {[%emt 0:00:10]} Qc6 {[%emt 0:00:10]} 42. Rd8+ {[%emt 0:00:10]} Rxd8 {[%emt 0:00:10]} 43. Qxd8+ {[%emt 0:00:10]} Kh7 44. Qd3+ {[%emt 0:00:10]} Kg8 {[%emt 0:00:20]} 45. Qd8+ {[%emt 0:00:10]} Kh7 {[%emt 0:00:10]} 46. Qd2 {[%emt 0:00:10]} g6 {[%emt 0:00:10]} 47. Qb2 {[%emt 0:00:10]} Qb5 {[%emt 0:00:10]} 48. Ra1 {[%emt 0:00:10]} Re4 {[%emt 0:00:10]} 49. a6 {[%emt 0:00:10]} Re2 {[%emt 0:00:10]} 50. Qxe2 {[%emt 0:00:10]} Qxe2 {[%emt 0:00:10]} 51. a7 g5 {[%emt 0:00:10]} 52. a8=Q {[%emt 0:00:20]} g4 {[%emt 0:00:10]} 53. hxg4 {[%emt 0:00:10]} Qxg4 {[%emt 0:00:10]} 54. Qf3 {[%emt 0:00:10]} Qh4+ {[%emt 0:00:10]} 55. Kg1 {[%emt 0:00:10]} 1-0

[Event "9th Bangabandhu Rapid Women 2021"]
[Site "Dhaka"]
[Date "2021.04.03"]
[Round "8.1"]
[White "Parveen, Tanima"]
[Black "Noshin, Anjum"]
[Result "*"]
[WhiteElo "1984"]
[BlackElo "1874"]
[Annotator "RC"]
[PlyCount "25"]
[EventDate "2021.04.02"]
[EventType "swiss"]
[EventCountry "BAN"]
[SourceTitle "playchess.com"]
[Source "ChessBase"]
[SourceQuality "1"]
[TimeControl "1500+10"]

1. d4 {[%emt 0:00:00]} Nf6 {[%emt 0:01:32]} 2. c4 {[%emt 0:00:04]} e6 {[%emt 0:00:01]} 3. Nf3 {[%emt 0:00:13]} b6 {[%emt 0:00:14]} 4. e3 {[%emt 0:00:14]} Bb7 {[%emt 0:00:03]} 5. Bd3 {[%emt 0:00:13]} Bb4+ {[%emt 0:00:23]} 6. Bd2 {[%emt 0:00:18]} Be7 {[%emt 0:00:05]} 7. Bc3 {[%emt 0:00:07]} O-O {[%emt 0:23:52]} 8. Nbd2 {[%emt 0:00:02]} d5 {[%emt 0:00:20]} 9. O-O {[%emt 0:00:12]} Ne4 {[%emt 0:00:16]} 10. Qc2 {[%emt 0:00:29]} f5 {[%emt 0:00:22]} 11. Ne5 {[%emt 0:00:27]} Nd7 {[%emt 0:23:22]} 12. Ndf3 {[%emt 0:00:37]} c5 {[%emt 0:00:36]} 13. Rac1 {[%emt 0:24:14]} *

[Event "9th Bangabandhu Rapid Women 2021"]
[Site "Dhaka"]
[Date "2021.04.03"]
[Round "8.1"]
[White "Talukder, Umme Taslima Protiva"]
[Black "Hamid, Rani"]
[Result "0-1"]
[WhiteElo "1698"]
[BlackElo "1923"]
[Annotator "TA"]
[PlyCount "80"]
[EventDate "2021.04.02"]
[EventType "swiss"]
[EventCountry "BAN"]
[SourceTitle "playchess.com"]
[Source "ChessBase"]
[SourceQuality "1"]

{[%evp 11,79,4,16,0,0,0,0,0,24,24,17,0,8,-15,-14,-18,19,15,18,14,30,0,21,0,0,-270,-263,-256,-187,-199,-186,-178,-179,-246,-231,-472,-310,-308,-309,-289,-291,-603,-598,-575,-587,-576,-459,-1449,-1384,-1547,-386,-29991,-836,-2135,-670,-1302,-644,-629,-632,-733,-721,-718,-693,-1953,-1031,-29983,-29984,-29984,-29982,-29999]} 1. d4 Nf6 2. c4 e6 3. Nf3 b6 4. e3 Bb7 5. Bd3 Bb4+ 6. Bd2 Be7 {is the legacy move (6...Bxd2+).} 7. Bc3 {E14: Queen's Indian: Classical Variation (4 e3).} O-O 8. Nbd2 d5 9. O-O {The position is equal.} Ne4 10. Qc2 {[%cal Rd2e4]} f5 {[#]} 11. Ne5 $146 ({Predecessor:} 11. b4 Nd7 12. c5 Bf6 13. Bb2 c6 14. Ne5 Bxe5 15. dxe5 bxc5 16. Bxe4 fxe4 17. bxc5 {0-1 (26) Sita,R-Gajendra,S (2158) Gurgaon 2010}) 11... Nd7 12. Ndf3 c5 13. Rac1 cxd4 (13... Ndf6 {looks sharper.} 14. a3 Rc8 15. Qa4 a6 16. h3 Qc7) 14. Nxd7 Qxd7 15. Bxd4 Rac8 16. Qe2 (16. Ne5 $5 {[%cal Re5d7]} Qe8 17. Qe2 $11) 16... Qe8 17. Rc2 Bd6 {...e5 is the strong threat.} 18. Rfc1 $2 {[%mdl 8192] Black keeps a firm grip on the game.} (18. Be5 $11 {and White is okay.}) 18... e5 $19 19. cxd5 {With the idea Rxc8.} exd4 20. Rxc8 Bxc8 21. Nxd4 Bd7 22. Nc6 (22. g3 {was called for.}) 22... Nc5 23. Nxa7 $2 (23. Bc4) 23... Nxd3 (23... Qe5 $2 24. f4 $17) 24. Qxd3 Qe5 {[%mdl 64] Double Attack} 25. g3 Qxb2 26. Rc2 (26. Qb1 Qd2 27. Rd1) 26... Qb1+ 27. Kg2 f4 28. gxf4 Bxf4 29. Qc4 (29. d6 $142 Bxd6 30. Rd2 Qxd3 31. Rxd3) 29... Bd6 {( -> ...Bh3+)} 30. Nc6 Bf5 $2 (30... Rf6 31. Qd3 Bh3+ $1 {[%mdl 576] Deflection} 32. Kxh3 Qh1 33. Ne7+ Bxe7 34. Rc8+ Kf7 35. Rf8+ Kxf8 36. e4 Rf3+ {[%mdl 64] Double Attack} 37. Kg4 Qg2+ {[%mdl 64] Double Attack} 38. Kh5 Qh3#) 31. e4 $2 {[#]} (31. Ne7+ $19 Kh8 32. Nxf5 Rxf5 33. Qc8+ Rf8 34. Qc4) 31... Bg4 (31... Bh3+ $142 $1 {[%mdl 512]} 32. Kxh3 Qh1 33. Ne7+ Kh8 34. Nf5 Qxh2+ 35. Kg4 Qg2+ 36. Ng3 Rf4+ 37. Kg5 h6+ 38. Kg6 Rf6+ 39. Kh5 Qh3#) 32. Rc1 Bf3+ (32... Qb2 $142 33. Qc2 Qf6) 33. Kg1 Qxe4 (33... Qb2 $142 34. e5 {[#]} Qd2 $1 35. exd6 Rf4 36. Qxf4 Qxf4) 34. Qxe4 Bxe4 35. Rd1 Bc5 36. Rd2 Rf5 37. Nd8 Bxd5 {Hoping for ...Rg5+.} 38. a4 Rg5+ {Black mates.} 39. Kf1 Bc4+ 40. Ke1 Rg1# {Weighted Error Value: White=1.30/Black=0.83} 0-1

[Event "9th Bangabandhu Rapid Women 2021"]
[Site "Dhaka"]
[Date "2021.04.03"]
[Round "8.2"]
[White "Parveen, Tanima"]
[Black "Noshin, Anjum"]
[Result "1-0"]
[WhiteElo "1984"]
[BlackElo "1874"]
[Annotator "TA"]
[PlyCount "125"]
[EventDate "2021.04.02"]
[EventType "swiss"]
[EventCountry "BAN"]
[SourceTitle "playchess.com"]
[Source "ChessBase"]
[SourceQuality "1"]

{[%evp 11,125,12,29,16,16,14,8,-30,0,-31,-13,-29,-14,-86,-99,-104,-23,-98,-96,-83,0,0,0,0,0,0,14,0,40,5,13,-24,-11,-37,-6,-4,0,0,0,0,0,0,0,0,0,0,0,-18,10,21,20,21,16,-22,-17,-18,0,0,9,0,50,11,135,142,137,144,330,330,416,417,411,411,371,384,431,429,417,422,416,414,404,411,587,575,584,578,587,581,576,533,559,441,399,0,542,543,523,413,579,550,532,372,622,527,1110,651,640,633,613,525,514,484,6111,5902,1166,1110]} 1. e4 e5 2. Nf3 Nc6 3. Bc4 Bc5 4. c3 Nf6 5. d3 d6 6. O-O a6 7. h3 {C54: Giuoco Piano: 4 c3 Nf6, main lines with 5 d4 and 5 d3.} h6 8. Bb3 Ba7 9. Re1 {The position is equal.} g5 {is recently more successful than 9...0-0.} 10. Nh2 g4 11. hxg4 Rg8 {[%cal Rc8g4]} 12. g5 ({But not} 12. Bxh6 $2 Nxg4 13. Be3 (13. Nxg4 $2 Bxg4 14. Be3 Bxd1 $19) 13... Bxe3 $19) (12. Be3 $11) 12... hxg5 $17 13. Be3 g4 {[#]} (13... Bxe3 $17 14. fxe3 g4) 14. Qd2 $146 (14. Bxa7 $11 {remains equal.} Rxa7 15. Nd2) ({Predecessor:} 14. Bxa7 Nxa7 15. Nd2 Nh7 16. Ndf1 Qh4 17. Re3 Bd7 18. d4 O-O-O 19. dxe5 dxe5 20. Qe1 {0-1 (37) Yudin,S (2507)-Petrov,N (2593) St Petersburg 2018}) 14... Nh5 15. Bxa7 Rxa7 ({Black should try} 15... Nxa7 $17 16. g3 Nc6) 16. Qh6 $11 {Strongly threatening Qh7!} Qg5 17. Qxg5 Rxg5 18. Nd2 Nf4 {Hoping for ...g3.} 19. Re3 Be6 (19... a5 {looks sharper.} 20. g3 a4 21. Bc2 Nh3+ 22. Kg2 Be6) 20. Bxe6 (20. g3 {with more complications.} Nh5 21. Kg2 Nf6 22. Rh1 Ra8 23. Nhf1) 20... fxe6 21. Rae1 Ke7 22. g3 Nh5 23. Kg2 Ra8 24. Rh1 Nf6 25. Nhf1 Rh5 26. Rxh5 Nxh5 27. Re1 Rh8 28. Ne3 Nf6 29. Ndf1 d5 30. exd5 exd5 31. Nh2 Rg8 32. Rh1 d4 33. cxd4 Nxd4 34. Nhf1 Ke6 35. Rh6 Kf7 36. Nh2 Ne6 {[#] White now steadily converts the win.} (36... Nc6 $1 $11) 37. Rh4 $1 $16 Nc5 38. Nhxg4 {aiming for Nh6+.} Nxd3 $2 (38... Re8 $16 {is a better defense.}) 39. Nh6+ $18 {[%mdl 64] Double Attack} Kg7 40. Nxg8 Kxg8 {[%mdl 4096] Endgame KRN-KNN} 41. Rc4 c6 42. Ng4 Nd5 43. Re4 Nxb2 44. Nxe5 Nd1 45. Nc4 N1c3 46. Re8+ Kf7 (46... Kg7 {keeps fighting.} 47. Ra8 Nxa2) 47. Nd6+ Kf6 48. Nxb7 Nxa2 49. Na5 Nab4 50. Rc8 Nb6 51. Rc7 N6d5 52. Rc8 Nb6 $1 {[%cal Rb6c8]} 53. Rb8 N6d5 54. Nc4 c5 (54... Kf5 $142 55. Kf3 Kg6) 55. Rc8 Nd3 56. Rc6+ Kg5 $2 (56... Kf5 57. Rxa6 Ke4 58. Nd2+ Ke5 59. Nf3+ Ke4) 57. Rxa6 {White is clearly winning.} Nf6 58. Rd6 Ne1+ 59. Kf1 Nf3 60. Ne3 Ne4 61. Rd5+ Kf6 (61... Kg6 $142 62. Kg2 Ne1+ 63. Kg1 Nf3+ 64. Kf1 Kg7) 62. Rf5+ {[%mdl 64] [#] Double Attack} Ke6 63. Rxf3 {Weighted Error Value: White=0.33/Black=0.31} 1-0

[Event "9th Bangabandhu Rapid Women 2021"]
[Site "Dhaka"]
[Date "2021.04.03"]
[Round "8.2"]
[White "Talukder, Umme Taslima Protiva"]
[Black "Hamid, Rani"]
[Result "*"]
[WhiteElo "1698"]
[BlackElo "1923"]
[Annotator "RC"]
[PlyCount "20"]
[EventDate "2021.04.02"]
[EventType "swiss"]
[EventCountry "BAN"]
[SourceTitle "playchess.com"]
[Source "ChessBase"]
[SourceQuality "1"]
[TimeControl "1500+10"]

1. e4 {[%emt 0:00:00]} e5 {[%emt 0:00:00]} 2. Nf3 {[%emt 0:00:00]} Nc6 {[%emt 0:00:00]} 3. Bc4 {[%emt 0:00:00]} Bc5 {[%emt 0:00:00]} 4. c3 {[%emt 0:00:05]} Nf6 {[%emt 0:00:00]} 5. d3 {[%emt 0:00:02]} d6 {[%emt 0:00:00]} 6. O-O {[%emt 0:00:02]} a6 {[%emt 0:00:02]} 7. h3 {[%emt 0:00:08]} h6 {[%emt 0:00:02]} 8. Bb3 {[%emt 0:00:11]} Ba7 {[%emt 0:00:39]} 9. Re1 {[%emt 0:00:07]} g5 {[%emt 0:01:11]} 10. Nh2 {[%emt 0:03:53]} g4 {[%emt 0:01:56]} *

[Event "9th Bangabandhu Rapid Women 2021"]
[Site "Dhaka"]
[Date "2021.04.03"]
[Round "8.3"]
[White "Nusrat Jahan, Alo"]
[Black "Sultana, Sharmin Shirin"]
[Result "0-1"]
[WhiteElo "1806"]
[BlackElo "2002"]
[Annotator "TA"]
[PlyCount "135"]
[EventDate "2021.04.02"]
[EventType "swiss"]
[EventCountry "BAN"]
[SourceTitle "playchess.com"]
[Source "ChessBase"]
[SourceQuality "1"]

{[%evp 12,135,27,-13,-4,-14,-1,-41,-44,-54,-50,-50,-50,-52,-40,-48,-48,-52,-45,-49,-50,-77,-47,-52,-14,-19,-14,-4,0,0,0,0,0,2,21,-61,-58,-57,-54,-166,-118,-113,-110,-154,-150,-141,-104,-101,-46,-158,-129,-131,-132,-159,-159,-170,-159,-167,-150,-150,-142,-142,-150,-158,-158,-156,-151,-259,-110,-110,-109,-125,-106,-125,-126,-125,-125,-145,-125,-138,-125,-125,-106,-106,0,-125,-125,-125,-116,-116,-116,-116,-116,-116,-116,-116,-116,-116,-116,-116,-116,-116,-116,-979,-1018,-915,-752,-434,-396,-302,-246,-1678,-175,-29975,-29976,-29988,-29985,-29989,-29990,-29990,-29985,-29988,-29989,-29991,-29992,-29993]} 1. e4 c5 2. Nf3 e6 3. c3 d5 4. exd5 Qxd5 5. d4 Nc6 6. Be3 cxd4 7. Nxd4 (7. cxd4 {keeps more tension.} Qa5+ 8. Nc3 Nf6 9. Bc4 a6 10. O-O) 7... Nf6 {B22: Sicilian: 2 c3.} 8. Nd2 Nxd4 {[#]} 9. cxd4 $146 (9. Bxd4 {with more complications.} e5 10. Be3 Bd6 11. Be2 O-O 12. Bf3) ({Predecessor:} 9. Bxd4 Be7 10. Qf3 O-O 11. Bc4 Qxf3 12. Nxf3 b6 13. O-O Bb7 14. Ne5 Rfd8 15. Rfd1 {½-½ (35) Kevorkov,A (2186)-Lapaj,M (2216) Chiavenna 2019}) 9... Be7 {Black is slightly better.} 10. f3 O-O 11. Bc4 Qh5 12. O-O Nd5 13. Bf2 Bd7 14. Ne4 Bc6 15. a3 Rfd8 16. Qb3 Nf6 17. Qe3 Bxe4 18. fxe4 Ng4 $40 {[%csl Gg4][%cal Rh5h2][%mdl 128] [#] Black is up to no good.} 19. Qg3 {aiming for Be2.} Bd6 20. e5 Nxf2 21. Qxf2 Bc7 22. Be2 Qg6 {And now ...Rxd4! would win.} 23. h4 (23. Rad1 $11) 23... Rd7 24. Rad1 Bb6 25. h5 ({White should try} 25. Bb5 $1 $15 Rd5 26. Bd3) 25... Qg5 26. Bb5 Rc7 27. Be2 Rd8 28. g3 h6 {Strongly threatening ...Rxd4!} 29. Kg2 Qe7 (29... Rd5 $17 {White must now prevent ...Rxe5!} 30. Qf4 Qxf4 31. Rxf4 Rc2) 30. Bb5 (30. Qe3 $15) 30... a6 31. Ba4 Rc4 32. Bb3 Rcxd4 33. Rxd4 Bxd4 34. Qe2 Qg5 35. Rd1 Bb6 36. Rxd8+ Qxd8 37. Bc4 Qd4 38. Bd3 Bc7 39. Qe4 (39. b4 $17) 39... Qxe5 (39... Qxb2+ $19 {has better winning chances.} 40. Kh3 Bxe5) 40. Qxe5 $17 Bxe5 $19 {[%mdl 4096] Endgame KB-KB} 41. b3 a5 42. a4 Kf8 43. Kf3 Ke7 44. Be4 b6 45. Bc6 Kf6 46. g4 Kg5 47. Be8 Kf6 48. Bc6 $1 g6 49. hxg6 fxg6 50. Be8 Bd6 51. Ke4 Ba3 52. Kf4 Bb2 53. Ke4 e5 54. Kf3 Kg5 55. Bf7 h5 56. gxh5 gxh5 57. Kg3 $2 {[%mdl 8192] Loses the game.} (57. Bc4 $17) 57... e4 58. Bd5 h4+ 59. Kf2 Kf4 60. Be6 Bd4+ 61. Kg2 $2 (61. Ke2) 61... Ke3 $2 (61... b5 62. axb5 Bc5) 62. Bc4 $2 {[#]} (62. Bf5 $19) 62... Kd2 {Black mates.} 63. Kf1 e3 64. Be2 Be5 65. Bg4 Bg3 66. Bf3 h3 67. Be2 h2 {[%cal Rh2h1]} 68. Bf3 {Weighted Error Value: White=0.29/Black=0.16} 0-1

[Event "9th Bangabandhu Rapid Women 2021"]
[Site "Dhaka"]
[Date "2021.04.03"]
[Round "8.4"]
[White "Jannatul, Ferdous"]
[Black "Sabikun Nahar, Tonima"]
[Result "1/2-1/2"]
[WhiteElo "1781"]
[BlackElo "1533"]
[Annotator "NA"]
[PlyCount "74"]
[EventDate "2021.04.02"]
[EventType "swiss"]
[EventCountry "BAN"]
[SourceTitle "playchess.com"]
[Source "ChessBase"]
[SourceQuality "1"]
[TimeControl "1500+10"]

1. e4 {[%emt 0:25:10]} c6 {[%emt 0:25:10]} 2. d4 {[%emt 0:00:10]} d5 {[%emt 0:00:10]} 3. e5 {[%emt 0:00:10]} Bf5 {[%emt 0:00:10]} 4. Nf3 {[%emt 0:00:10]} e6 {[%emt 0:00:10]} 5. Be2 {[%emt 0:00:10]} c5 {[%emt 0:00:10]} 6. Be3 {[%emt 0:00:10]} Ne7 {[%emt 0:00:10]} 7. O-O {[%emt 0:00:10]} cxd4 {[%emt 0:00:10]} 8. Nxd4 {[%emt 0:00:10]} Nbc6 {[%emt 0:00:10]} 9. f4 {[%emt 0:00:10]} Nxd4 {[%emt 0:00:10]} 10. Bxd4 {[%emt 0:00:10]} h6 {[%emt 0:00:10]} 11. Nd2 {[%emt 0:00:10]} Nc6 {[%emt 0:00:10]} 12. Bf2 {[%emt 0:00:10]} Be7 {[%emt 0:00:10]} 13. Nf3 {[%emt 0:00:10]} O-O {[%emt 0:00:10]} 14. c3 {[%emt 0:00:10]} a6 {[%emt 0:00:10]} 15. a4 {[%emt 0:00:10]} Qc7 {[%emt 0:00:10]} 16. Kh1 {[%emt 0:00:10]} f6 {[%emt 0:00:10]} 17. exf6 {[%emt 0:00:10]} Bxf6 {[%emt 0:00:10]} 18. Be3 {[%emt 0:00:10]} Rad8 {[%emt 0:00:10]} 19. Nd4 {[%emt 0:00:10]} Bxd4 {[%emt 0:00:10]} 20. Bxd4 {[%emt 0:00:10]} Nxd4 {[%emt 0:00:10]} 21. Qxd4 {[%emt 0:00:10]} Be4 {[%emt 0:00:10]} 22. Qe3 {[%emt 0:00:10]} e5 {[%emt 0:00:10]} 23. fxe5 {[%emt 0:00:10]} Qxe5 {[%emt 0:00:10]} 24. Rxf8+ {[%emt 0:00:10]} Rxf8 {[%emt 0:00:10]} 25. Bf3 {[%emt 0:00:10]} Re8 {[%emt 0:00:10]} 26. Re1 {[%emt 0:00:10]} Qc7 {[%emt 0:00:10]} 27. Qd4 {[%emt 0:00:10]} Qc6 {[%emt 0:00:10]} 28. Bxe4 {[%emt 0:00:10]} Rxe4 {[%emt 0:00:10]} 29. Rxe4 {[%emt 0:00:10]} dxe4 {[%emt 0:00:10]} 30. Kg1 {[%emt 0:00:10]} e3 {[%emt 0:00:10]} 31. Qxe3 {[%emt 0:00:10]} Qxa4 {[%emt 0:00:10]} 32. Qd2 {[%emt 0:00:10]} Qb3 {[%emt 0:00:10]} 33. Qd8+ {[%emt 0:00:10]} Kf7 {[%emt 0:00:10]} 34. Qd7+ {[%emt 0:00:10]} Kf6 {[%emt 0:00:10]} 35. Qd6+ {[%emt 0:00:10]} Kf7 {[%emt 0:00:10]} 36. Qd7+ {[%emt 0:00:10]} Kf6 {[%emt 0:00:10]} 37. Qd6+ {[%emt 0:00:10]} Kf7 {[%emt 0:00:10]} 1/2-1/2

[Event "9th Bangabandhu Rapid Women 2021"]
[Site "Dhaka"]
[Date "2021.04.03"]
[Round "9.1"]
[White "Hamid, Rani"]
[Black "Nusrat Jahan, Alo"]
[Result "1-0"]
[WhiteElo "1923"]
[BlackElo "1806"]
[Annotator "TA"]
[PlyCount "77"]
[EventDate "2021.04.02"]
[EventType "swiss"]
[EventCountry "BAN"]
[SourceTitle "playchess.com"]
[Source "ChessBase"]
[SourceQuality "1"]

{[%evp 15,77,31,35,39,31,27,45,8,42,45,89,66,198,58,56,48,303,315,400,377,352,362,718,116,245,156,674,679,651,184,156,126,534,522,503,465,468,470,468,420,452,275,293,302,270,142,125,112,328,331,29948,29946,6237,6183,5661,5314,4694,1921,3005,2835,1922,1923,1902,1835]} 1. e4 c5 2. Nf3 e6 3. d4 cxd4 4. Nxd4 a6 5. Nc3 Qc7 6. Be2 Nf6 7. O-O Bb4 8. Qd3 O-O 9. Bg5 {B43: Sicilian: Kan Variation: 5 Nc3.} Be7 10. f4 {Strongly threatening e5.} d6 11. Kh1 {White is slightly better.} Nbd7 (11... h6 $5 {[%cal Rh6g5]} 12. Bh4 Nc6 $14) 12. Qg3 {[#]} Re8 $146 ({Predecessor:} 12... Kh8 13. Rad1 Ng8 14. a4 Bxg5 15. fxg5 Ne5 16. Nf3 Bd7 17. Rd2 Bc6 18. Rfd1 Rfd8 {0-1 (43) Rechlis,G (2514)-Koch,J (2485) France 1999}) 13. Rae1 b5 (13... Kh8 $14) 14. a3 (14. Bf3 $1 $18) 14... Bb7 $14 15. Bf3 Nc5 $2 {[%mdl 8192]} ({Black should play} 15... Bf8 $14) 16. e5 $18 Nfd7 17. Bxe7 Rxe7 18. Bxb7 Nxb7 {[#]} (18... Qxb7 19. exd6 Ree8) 19. Ne4 $2 (19. Nd5 $1 $18 {[%cal Rd5c7][%mdl 512] is the precise move to win.} Qd8 {[#]} 20. f5 $1 exd5 21. f6) 19... Kh8 (19... dxe5 $16 {was called for.} 20. f5 Kh8) 20. Qh4 $40 {[%mdl 128] Black is in trouble.} Ndc5 $2 (20... Nf8 $16) 21. Ng5 {[%csl Gg5][%cal Rh4h7]} h6 22. Rf3 $2 (22. f5) 22... Kg8 23. Rh3 {Black must now prevent f5.} Kf8 $2 {[%mdl 8192]} (23... dxe5 $16 24. fxe5 Rd7) 24. Nh7+ Ke8 25. Qg4 Kd7 26. Qxg7 Rd8 27. Nf6+ Kc8 {intending ...dxe5.} 28. c3 dxe5 29. fxe5 Na4 30. Qxh6 ({Not} 30. Rxh6 Nxb2 31. Rh3 Kb8 $16) ({Better is} 30. b3 $18 Nb6 31. Qxh6) 30... Nxb2 $16 31. Qf4 {Hoping for Qf3.} Nc5 $2 (31... Qc4 $16 {was necessary.}) 32. Qf3 $18 Rd5 $2 (32... Ncd3 $18) 33. Nxd5 exd5 34. Rh8+ {White is clearly winning.} Kb7 35. Qxd5+ Kb6 36. Rh6+ Ne6 37. Nxe6 fxe6 38. Rxe6+ Rxe6 39. Qxe6+ {Weighted Error Value: White=0.63/Black=1.21} 1-0

[Event "9th Bangabandhu Rapid Women 2021"]
[Site "Dhaka"]
[Date "2021.04.03"]
[Round "9.2"]
[White "Noshin, Anjum"]
[Black "Wadifa, Ahmed"]
[Result "1-0"]
[WhiteElo "1874"]
[BlackElo "1525"]
[Annotator "NA RC"]
[PlyCount "91"]
[EventDate "2021.04.02"]
[EventType "swiss"]
[EventCountry "BAN"]
[SourceTitle "playchess.com"]
[Source "ChessBase"]
[SourceQuality "1"]
[TimeControl "1500+10"]

1. e4 {[%emt 0:00:00]} c5 {[%emt 0:00:00]} 2. Nf3 {[%emt 0:00:00]} e6 {[%emt 0:00:00]} 3. d4 {[%emt 0:00:00]} cxd4 4. Nxd4 {[%emt 0:00:00]} a6 {[%emt 0:00:00]} 5. Nc3 {[%emt 0:00:00]} Qc7 {[%emt 0:00:01]} 6. Bd3 {[%emt 0:00:03]} Nf6 {[%emt 0:00:05]} 7. Qe2 {[%emt 0:00:08]} d6 {[%emt 0:00:49]} 8. f4 {[%emt 0:00:12]} Nbd7 {[%emt 0:00:04]} 9. Bd2 {[%emt 0:00:10]} Be7 {[%emt 0:00:13]} 10. O-O-O {[%emt 0:00:28]} b5 {[%emt 0:00:35]} 11. a3 {[%emt 0:00:09]} Bb7 {[%emt 0:00:27]} 12. g4 {[%emt 0:00:15]} Nc5 {[%emt 0:00:04]} 13. g5 {[%emt 0:02:30]} Nfd7 {[%emt 0:00:19]} 14. Kb1 {[%emt 0:02:35]} O-O-O {[%emt 0:04:32]} 15. Rhf1 {[%emt 0:00:42]} Kb8 {[%emt 0:01:10]} 16. Be1 {[%emt 0:03:48]} Nb6 {[%emt 0:01:34]} 17. Nb3 {[%emt 0:00:30]} d5 {[%emt 0:02:05]} 18. exd5 {[%emt 0:00:26]} Nxd5 {[%emt 0:00:26]} 19. Nxd5 {[%emt 0:00:32]} Bxd5 {[%emt 0:00:15]} 20. Ba5 {[%emt 0:00:24]} Qb7 {[%emt 0:00:58]} 21. Bxd8 {[%emt 0:01:41]} Nxd3 {[%emt 0:01:27]} 22. Bxe7 {[%emt 0:00:11]} Qxe7 {[%emt 0:00:37]} 23. Rxd3 {[%emt 0:00:48]} Bc4 {[%emt 0:00:41]} 24. Qe5+ {[%emt 0:00:03]} Ka8 {[%emt 0:00:37]} 25. Qe4+ {[%emt 0:00:06]} Kb8 {[%emt 0:00:08]} 26. Rfd1 {[%emt 0:00:09]} Bxd3 {[%emt 0:00:25]} 27. Rxd3 {[%emt 0:00:17]} Rc8 {[%emt 0:01:11]} 28. Qe5+ {[%emt 0:00:20]} Qc7 {[%emt 0:00:23]} 29. Rd7 {[%emt 0:02:42]} Qxe5 {[%emt 0:00:17]} 30. fxe5 {[%emt 0:00:01]} Rc7 {[%emt 0:00:02]} 31. Rd8+ {[%emt 0:00:25]} Ka7 {[%emt 0:00:41]} 32. Rh8 {[%emt 0:00:12]} f6 {[%emt 0:00:28]} 33. Re8 {[%emt 0:02:14]} fxe5 {[%emt 0:01:00]} 34. Rxe6 {[%emt 0:00:03]} Rf7 {[%emt 0:01:04]} 35. Rxe5 {[%emt 0:00:02]} Rf1+ {[%emt 0:00:02]} 36. Ka2 {[%emt 0:00:00]} Rf2 {[%emt 0:00:03]} 37. Re7+ {[%emt 0:00:13]} Kb6 {[%emt 0:00:07]} 38. Rxg7 {[%emt 0:00:04]} Rxh2 {[%emt 0:00:06]} 39. g6 {[%emt 0:00:11]} hxg6 {[%emt 0:00:57]} 40. Rxg6+ {[%emt 0:00:01]} Ka7 {[%emt 0:00:01]} 41. c3 {[%emt 0:00:13]} Rh5 {[%emt 0:00:11]} 42. Nd4 {[%emt 0:00:04]} Kb7 {[%emt 0:00:19]} 43. b4 {[%emt 0:00:29]} Rh2+ {[%emt 0:00:31]} 44. Kb3 {[%emt 0:00:01]} Rh3 {[%emt 0:00:15]} 45. Ne6 {[%emt 0:00:07]} a5 {[%emt 0:01:12]} 46. Nc5+ {[%emt 0:00:11]} 1-0